Every Summer Olympic Sport - Statistics

General Stats
  • This quiz has been taken 31 times
    19 since last reset
  • The average score is 16 of 32
Answer Stats
Answer % Correct
Swimming
94%
Basketball
75%
Gymnastics
75%
Athletics
69%
Football
69%
Tennis
69%
Wrestling
69%
Archery
63%
Rowing
63%
Boxing
56%
Cycling
56%
Fencing
56%
Judo
56%
Shooting
56%
Weightlifting
56%
Badminton
50%
Equestrian
50%
Table Tennis
50%
Volleyball
50%
Canoeing
38%
Golf
38%
Handball
38%
Hockey
38%
Sailing
38%
Skateboarding
38%
Breakdancing
31%
Climbing
31%
Rugby
31%
Surfing
31%
Taekwondo
31%
Pentathlon
25%
Triathalon
25%
No matching quizzes found
Score Distribution
Percent of People with Each Score
Percentile by Number Answered
Your Score History
You have not taken this quiz since the last reset